|
|
|
|
| LEADER |
00000nam0a2200000 4500 |
| 001 |
153320 |
| 005 |
20231031151351.0 |
| 010 |
|
|
|a 9785170472413
|
| 010 |
|
|
|a 978-5-9713-6965-3
|
| 010 |
|
|
|a 978-5-9762-5002-4
|
| 035 |
|
|
|a (RuTPU)RU\TPU\book\166343
|
| 090 |
|
|
|a 153320
|
| 100 |
|
|
|a 20090211d2008 m y0rusy50 ca
|
| 101 |
1 |
|
|a rus
|c eng
|
| 102 |
|
|
|a RU
|
| 105 |
|
|
|a y z 000ay
|
| 200 |
1 |
|
|a Триумф нежности
|e [роман]
|e пер. с англ.
|f Дж. Макнот
|
| 210 |
|
|
|a Москва
|c АСТ
|c АСТ Москва
|c Хранитель
|d 2008
|
| 215 |
|
|
|a 349 с.
|
| 330 |
|
|
|a Высокий смуглый аристократ с гордым испанским профилем сумел бы с ходу завоевать сердце любой женщины, но только не Кэтрин Конелли. Так считала эта независимая девушка, пока не встретилась с мужественным, загадочным Рамоном. От этого мужчины буквально исходил чувственный аромат пуэрто-риканских ночей, и не поддаться его обаянию было совершенно невозможно...
|
| 610 |
1 |
|
|a американская литература
|
| 610 |
1 |
|
|a романы
|
| 610 |
1 |
|
|a любовь
|
| 675 |
|
|
|a 82
|v 3
|
| 700 |
|
1 |
|a Макнот
|b Дж.
|g Джудит
|
| 801 |
|
1 |
|a RU
|b 63413507
|c 20090211
|g PSBO
|
| 801 |
|
2 |
|a RU
|b 63413507
|c 20090218
|g PSBO
|
| 942 |
|
|
|c BK
|